Najlepsi piłkarze świata - Statystyki

Ogólne statystyki
  • Ten quiz został rozwiązany 946 razy
  • Średni wynik to 5 z 7
Statystyki odpowiedzi
Odpowiedź % Poprawnych
2 Messi
99%
1 Ronaldo
99%
3 Mbappe
81%
6 Lewandowski
80%
4 Neymar
72%
5 Haaland
61%
7 Benzema
49%
Nie znaleziono quizów pasujących do podanych kryteriów
Rozkład punktacji
Procent ludzi z każdym wynikiem
Percentyl według liczby udzielonych odpowiedzi
Twoja historia wyników
Nie rozwiązałeś tego quizu